000
002570000a22000970004500
100
1
_a
Jones, Peter
245
1
0
_a
El gnosticismo en las denomincaiones tradicionales
300
_a
Vol. 4, Núm 1 (2002), Páginas 9-20
773
0
_t
Reforma Siglo 21
942
_c
ANA
999
_c
52930
_d
52930